Statistics for Centuries by Fall out boy

Click here to take the quiz!

General Stats

  • This quiz has been taken 1,027 times
  • The average score is 21 of 38

Answer Stats

HintAnswer% Correct
Remeber me for ________Centuries
98%
Remember me for ______Centuries
98%
Remember me for ____Centuries
98%
But you will ____ meRemember
97%
Untill you die for ____Me
96%
Some ___ are toldLegends
95%
Is all it ____ takeWill
94%
Remember __ __ CenturiesMe For
93%
and just one ____Mistake
92%
Some turn to ___ or to ___Dust, Gold
90%
No, it's ______ wrong with meNothing
81%
____ go down in historyWe'll
81%
The kids are all ____Wrong
78%
___, Hey, ___Hey, Hey,
72%
You're about ___ bloomTo
66%
Come on, ____ __, and let me inCome On
65%
I never ment for you to ___ yourself!Fix
50%
And I can't stop 'til the ____ ____ knows my nameWhole World
50%
The ____ all offStory's
46%
And your a ______ ______Cherry Blossom
44%
'Cause I was only born inside my _____Dreams
43%
______ my teenage dreamsMummified
43%
You look so _____, but your _____ so soonPretty, Gone
42%
We'll go down in _______History
41%
'Cause I am the opposite of _________Amnesia
40%
We've been here ________Forever
40%
As long as theres a _____Light
36%
The ______ on your thighs like me _________Bruises, fingerprints
34%
And here's the _____ proofFrozen
33%
My _______ over youShadow's
32%
I could _____ foreverScream
29%
The ________ that you feltDarkness
28%
We are the _________ youthPoisoned
27%
And this is supposed to _____Match
21%
Choruschorus
11%
ChorusChorus
11%
(Chorus)Chorus
11%
_____ _____ broke my heartMetal Broke
4%

Score Distribution

Percentile by Number Answered

Percent of People with Each Score

Your Score History

You have not taken this quiz